Synonyms of Happy - Statistics

General Stats
  • This quiz has been taken 21 times
  • The average score is 4 of 18
Answer Stats
Answer % Correct
Glad
60%
Joyful
60%
Joyous
50%
Cheerful
40%
Ecstatic
40%
Elated
40%
Gleeful
30%
Overjoyed
25%
Jolly
20%
Mirthful
20%
Merry
15%
Delighted
10%
Up
10%
Upbeat
10%
Enraptured
5%
Thrilled
5%
Exultant
0%
Jubilant
0%
No matching quizzes found
Score Distribution
Percent of People with Each Score
Percentile by Number Answered
Your Score History
You have not taken this quiz